Pravdepodobnosť. Matematická štatistika prednášky/semináre

Bibliographic Details
Main Authors: Boržíková, Jana (Author), Mamrilla, Dušan, 1953- (Author), Vagaská, Alena (Author)
Format: Book
Language:Slovak
PhysicalDescription:81 s. tab. 24 cm
Published: Prešov Essox 2009
ISBN:9788096981021
Edition:1. vyd.
Subjects:

MARC

LEADER 00000cam a2200000 a 4500
001 vtls010102743
003 SK-MaSNL
005 20260301172511.0
008 240314s2009 xo l d p 000 0 slo
015 |a SNBA2010/09-05170 
020 |a 9788096981021  |q (brož.) 
035 |a 8D3F700D-5A80-444B-8E08-4C1EF82B2F31 
035 |a urn:nbn:sk:snk-aml1xw 
035 |a urn:nbn:sk:snk-am008mi0 
040 |a SNK  |b slo  |c SNK  |e AACR2 
041 0 |a slo 
044 |a xo  |c SK 
072 7 |a 519  |x Kombinatorika. Teória grafov. Matematická štatistika. Operačný výskum. Matematické modelovanie  |2 konspekt 
080 |a 519.21  |2 2001 
080 |a 519.22  |2 2001 
080 |a (075.8)  |2 2001 
100 1 |a Boržíková, Jana  |4 aut  |9 27356 
245 1 0 |a Pravdepodobnosť. Matematická štatistika  |b prednášky/semináre  |c Jana Boržíková, Dušan Mamrilla, Alena Vagaská 
246 3 0 |a Matematická štatistika 
250 |a 1. vyd. 
260 |a Prešov  |b Essox  |c 2009 
300 |a 81 s.  |b tab.  |c 24 cm 
504 |a Bibliogr. s. 80 
650 0 7 |a teória pravdepodobnosti  |2 SNKPH  |9 104068 
650 0 7 |a matematická štatistika  |2 SNKPH  |9 777 
650 0 7 |a Probability theory  |2 SNKPHeng  |9 275380 
650 0 7 |a Mathematical statistics  |2 SNKPHeng  |9 313003 
655 7 |a učebnice vysokých škôl  |2 SNKPH  |9 70191 
655 7 |a Textbooks (higher)  |2 SNKPHeng  |9 276436 
700 1 |a Mamrilla, Dušan,  |d 1953-  |4 aut  |9 6153 
700 1 |a Vagaská, Alena  |4 aut  |9 48786 
919 |a 978-80-969810-2-1 
958 |a NB 
958 |a OND 
968 |d 51 
999 |c 833739  |d 835669 
952 |a SNK  |b SNK  |y PREZ  |7 0  |p 17A0665096  |o snkSC 141130  |i snk2010/14460  |8 0  |0 0  |1 0  |4 0  |d 2010-07-01  |f 1  |l 0  |r 2025-07-09 00:00:00  |w 2026-02-24